Η Επιστημονική Μελέτη / Οδηγός Σχεδιασμού και Διαχείρισης Πανεπιστημιακών Ερευνητικών Εργασιών (Record no. 2027)
[ view plain ]
| 000 -LEADER | |
|---|---|
| fixed length control field | 01635cam a22002054a 4500 |
| 005 - ΗΜΕΡΟΜΗΝΙΑ ΚΑΙ ΩΡΑ ΤΕΛΕΥΤΑΙΑΣ ΕΝΗΜΕΡΩΣΗΣ | |
| Πεδίο ελέγχου | 20250605164028.0 |
| 008 - FIXED-LENGTH DATA ELEMENTS--GENERAL INFORMATION | |
| Πεδίο ελέγχου σταθερού μήκους | 250528s ||||||||||||||||||||||||d |
| 035 ## - SYSTEM CONTROL NUMBER | |
| System control number | 16534 |
| 020 ## - ISBN | |
| ISBN | 9600104972 |
| 040 ## - ΠΗΓΗ ΚΑΤΑΛΟΓΟΓΡΑΦΗΣΗΣ | |
| Φορέας πρωτότυπης καταλογογράφησης | MC Athens Campus Library |
| Γλώσσα καταλογογράφησης | Ελληνικά, Μοντέρνα (1453-) |
| Modifying agency | MC Athens Campus Library |
| Κανόνες περιγραφικής καταλογογράφησης | AACR2 |
| 245 1# - ΤΙΤΛΟΣ ΚΑΙ ΔΗΛΩΣΗ ΥΠΕΥΘΥΝΟΤΗΤΑΣ | |
| Τίτλος | Η Επιστημονική Μελέτη / Οδηγός Σχεδιασμού και Διαχείρισης Πανεπιστημιακών Ερευνητικών Εργασιών |
| 260 ## - PUBLICATION, DISTRIBUTION, ETC. | |
| Name of publisher, distributor, etc. | Gutenberg, |
| Date of publication, distribution, etc. | 1996 |
| 300 ## - PHYSICAL DESCRIPTION | |
| Extent | 360 |
| 520 ## - SUMMARY, ETC. | |
| Summary, etc. | Ένας Πρακτικός Οδηγός για τους σπουδαστές που ενδιαφέρονται να συντάξουν ορθά κι ευπαρουσίαστα μια έκθεση των ερευνών τους. Πρόλογος στην Ελληνική Έκδοση, Η ΠροετοιμασίαΈρευνα και ο Σπουδαστής - Ερευνητής, Η Επιλογή του Θέματος της Έρευνας και η αιτολόγηση της, Ο Σχεδιασμός της Ερευνητικής Εργασίας, Η Διερεύνηση της Βιβλιογραφίας, Η Συλλογή και Ανάλυση Στοιχείων, Η Ανάλυση των Δεδομένων, Η Συλλογή των Δεδομένων (Στοιχείων), Η Παραγωγή των Αποτελεσμάτων της Έρευνας, Η Διεξαγωγή της Έρευνας, Η Παρουσίαση των Αποτελεσμάτων της Έρευνας, Επίλογος. |
| 700 1# - ΠΡΟΣΘΕΤΗ ΑΝΑΓΡΑΦΗ--ΦΥΣΙΚΟ ΠΡΟΣΩΠΟ | |
| Personal name | Howard Keith |
| 9 (RLIN) | 1389 |
| 700 1# - ΠΡΟΣΘΕΤΗ ΑΝΑΓΡΑΦΗ--ΦΥΣΙΚΟ ΠΡΟΣΩΠΟ | |
| Personal name | Sharp John A |
| 9 (RLIN) | 1390 |
| 942 ## - ADDED ENTRY ELEMENTS (KOHA) | |
| Koha item type | Books |
| Τύπος τεκμηρίου | Βιβλιοθήκη | Τρέχουσα τοποθεσία | Barcode | Αριθμός εισαγωγής | Ημερομηνία απόκτησης | Ταξιθετικό σύμβολο | Αριθμός αντιτύπου | Κατάσταση απόσυρσης | Κατάσταση χαμένου | Κατάσταση κατεστραμμένου | Μη δανεισμός | Σύνολο δανεισμών | Ημερομηνία τελευταίας εμφάνισης | Η τιμή ισχύει από |
|---|---|---|---|---|---|---|---|---|---|---|---|---|---|---|
| Books | MC Athens Campus Library | MC Athens Campus Library | 9780000020260 | 4238 | 05/06/2025 | 808.023 HOW | 3 | 05/06/2025 | 05/06/2025 |